000 00446cam a2200145 4500500
005 20251012032609.0
041 _afre
042 _adc
100 1 0 _aSamama, Guy
_eauthor
245 0 0 _aDans la nuit du secret : la théâtralité suspendue
260 _c2007.
500 _a68
786 0 _nSigila | 20 | 2 | 2007-12-20 | p. 71-82 | 1286-1715
856 4 1 _uhttps://shs.cairn.info/revue-sigila-2007-2-page-71?lang=fr&redirect-ssocas=7080
999 _c1547792
_d1547792